000 00792nam a2200301Ia 4500
001 38084
003 IT-RoPAU
008 130308s9999 xx 000 0 und d
040 _aIT-RoPAU
040 _cIT-RoPAU
041 _aFRANCESE
100 _aDanchin Antoine
100 _gCodice Aut. SPICS: 11255
245 _aExperience et methode
245 _bPhilosophie des Sciences Aujourd'Hui (La)
250 _a1a ed.
260 _aBORDAS/PARIS
260 _bGauthier/Villars
260 _c1986 [1° Ed.:1986 - Ed.Ling.Originale:1986]
300 _a"11 p. (prefazione: no ; testo: 11 [pagine: 177-187])"
500 _aEsperienza e Metodo
650 _aEPISTEMOLOGIA
650 _eCodice materia Spics: 3051
942 _cBK
957 _71
999 _c38720
_d38720
999 _bSI
999 _g1